Tribal land question: Case of Andhra Pradesh (Record no. 8985)
[ view plain ]
| 000 -LEADER | |
|---|---|
| fixed length control field | 00512nam a2200169Ia 4500 |
| 020 ## - INTERNATIONAL STANDARD BOOK NUMBER | |
| ISBN | 9788131608364 |
| 082 ## - DEWEY DECIMAL CLASSIFICATION NUMBER | |
| Classification number | 305.80095484 RAO-T |
| 100 ## - MAIN ENTRY--AUTHOR NAME | |
| Personal name | Rao, Palla Trinadha |
| 245 #0 - TITLE STATEMENT | |
| Title | Tribal land question: Case of Andhra Pradesh |
| 260 ## - PUBLICATION, DISTRIBUTION, ETC. (IMPRINT) | |
| Place of publication | New Delhi |
| Name of publisher | Rawat Publications |
| Year of publication | 2017 |
| 300 ## - PHYSICAL DESCRIPTION | |
| Number of Pages | xxi,256p |
| 504 ## - BIBLIOGRAPHY, ETC. NOTE | |
| Bibliography, etc | Includes index |
| 650 ## - SUBJECT ADDED ENTRY--TOPICAL TERM | |
| Topical Term | Indian reservations |
| Geographic subdivision | Andhra Pradesh |
| -- | Telangana |
| 650 ## - SUBJECT ADDED ENTRY--TOPICAL TERM | |
| Topical Term | Land use |
| Geographic subdivision | Andhra Pradesh |
| -- | Telangana |
| 650 ## - SUBJECT ADDED ENTRY--TOPICAL TERM | |
| Topical Term | Land tenure |
| Geographic subdivision | Andhra Pradesh |
| -- | Telangana |
| 942 ## - ADDED ENTRY ELEMENTS (KOHA) | |
| Koha item type | Books |
| Withdrawn status | Lost status | Damaged status | Not for loan | Home library | Current library | Date acquired | Source of acquisition | Bill Date | Full call number | Accession Number | Price effective from | Koha item type |
|---|---|---|---|---|---|---|---|---|---|---|---|---|
| NASSDOC Library | NASSDOC Library | 01/08/2017 | Gifted by : RPs Division, ICSSR | 2017-05-26 | 305.80095484 RAO-T | 49275 | 18/04/2019 | Books |
